000 00364nam a2200145Ia 4500
008 240624s9999 xx 000 0 und d
041 _aeng
082 _a658.4 PRA
100 _aPRASAD V R K
245 _aMANAGERIAL EFFECTIVENESS CONCEPTS AND CA
260 _c2004
_aHyderabad
_bICFAI University
300 _av, : 205 : p. ; 23cm.
365 _cRS
440 _vII
999 _c4054
_d4054